<?xml version="1.0" encoding="UTF-8"?>
<record
    xmlns:xsi="http://www.w3.org/2001/XMLSchema-instance"
    xsi:schemaLocation="http://www.loc.gov/MARC21/slim http://www.loc.gov/standards/marcxml/schema/MARC21slim.xsd"
    xmlns="http://www.loc.gov/MARC21/slim">

  <leader>01112cas a2200313 i 4500</leader>
  <controlfield tag="001">000037558</controlfield>
  <controlfield tag="003">DO-SdBNP</controlfield>
  <controlfield tag="005">20260312092904.0</controlfield>
  <controlfield tag="007">ta</controlfield>
  <controlfield tag="008">120425c19  1988dr bn1p|rd   ||   |0spa d</controlfield>
  <datafield tag="040" ind1=" " ind2=" ">
    <subfield code="a">DO-SdBNP</subfield>
    <subfield code="b">spa</subfield>
    <subfield code="c">BNPHU</subfield>
    <subfield code="e">rda</subfield>
  </datafield>
  <datafield tag="041" ind1=" " ind2=" ">
    <subfield code="h">spa</subfield>
  </datafield>
  <datafield tag="043" ind1=" " ind2=" ">
    <subfield code="a">nwdr</subfield>
  </datafield>
  <datafield tag="110" ind1="2" ind2=" ">
    <subfield code="a">Asociaci&#xF3;n Dominicana de Exportadores (ADOEXPO)</subfield>
    <subfield code="9">64010</subfield>
  </datafield>
  <datafield tag="222" ind1=" " ind2="2">
    <subfield code="a">Bolet&#xED;n</subfield>
  </datafield>
  <datafield tag="245" ind1="1" ind2="0">
    <subfield code="a">Bolet&#xED;n de ADOEXPO.</subfield>
  </datafield>
  <datafield tag="264" ind1=" " ind2=" ">
    <subfield code="a">Santo Domingo, Rep&#xFA;blica Dominicana :</subfield>
    <subfield code="b">Asociaci&#xF3;n Dominicana de Exportadores (ADOEXPO),</subfield>
    <subfield code="c">1988.</subfield>
  </datafield>
  <datafield tag="300" ind1=" " ind2=" ">
    <subfield code="a">volumen :</subfield>
    <subfield code="b">ilustraciones, fotograf&#xED;as ;</subfield>
    <subfield code="c">28 cm.</subfield>
  </datafield>
  <datafield tag="310" ind1=" " ind2=" ">
    <subfield code="a">Bimestral.</subfield>
  </datafield>
  <datafield tag="336" ind1=" " ind2=" ">
    <subfield code="a">texto</subfield>
    <subfield code="b">txt </subfield>
    <subfield code="2">rdacontent </subfield>
  </datafield>
  <datafield tag="337" ind1=" " ind2=" ">
    <subfield code="a">sin mediaci&#xF3;n </subfield>
    <subfield code="b">n </subfield>
    <subfield code="2">rdamedia</subfield>
  </datafield>
  <datafield tag="338" ind1=" " ind2=" ">
    <subfield code="a">volumen </subfield>
    <subfield code="b">nc </subfield>
    <subfield code="2">rdacarrier</subfield>
  </datafield>
  <datafield tag="362" ind1="1" ind2=" ">
    <subfield code="a">Inicia con: Mayo-junio 1988.</subfield>
  </datafield>
  <datafield tag="500" ind1=" " ind2=" ">
    <subfield code="a">Catalogaci&#xF3;n basada en: Mayo-junio 1988.</subfield>
  </datafield>
  <datafield tag="500" ind1=" " ind2=" ">
    <subfield code="a">Bolet&#xED;n Oficial de la Asociaci&#xF3;n Dominicana de Exportadores (ADOEXPO).</subfield>
  </datafield>
  <datafield tag="650" ind1=" " ind2="4">
    <subfield code="a">Exportaci&#xF3;n</subfield>
    <subfield code="v">Publicaciones peri&#xF3;dicas </subfield>
    <subfield code="z">Rep&#xFA;blica Dominicana</subfield>
    <subfield code="9">64011</subfield>
  </datafield>
  <datafield tag="651" ind1=" " ind2="4">
    <subfield code="a">Rep&#xFA;blica Dominicana</subfield>
    <subfield code="x">Exportaciones</subfield>
    <subfield code="9">64012</subfield>
  </datafield>
  <datafield tag="942" ind1=" " ind2=" ">
    <subfield code="2">ddc</subfield>
    <subfield code="c">ISSUE</subfield>
  </datafield>
  <datafield tag="952" ind1=" " ind2=" ">
    <subfield code="0">0</subfield>
    <subfield code="1">0</subfield>
    <subfield code="2">ddc</subfield>
    <subfield code="4">0</subfield>
    <subfield code="5">6</subfield>
    <subfield code="7">0</subfield>
    <subfield code="8">SE</subfield>
    <subfield code="a">BNPHU</subfield>
    <subfield code="b">BNPHU</subfield>
    <subfield code="d">2026-03-12</subfield>
    <subfield code="h">No. 1, Mayo-junio 1988</subfield>
    <subfield code="l">0</subfield>
    <subfield code="p">2026-2099</subfield>
    <subfield code="r">2026-03-12</subfield>
    <subfield code="t">e.1</subfield>
    <subfield code="w">2026-03-12</subfield>
    <subfield code="y">ISSUE</subfield>
    <subfield code="z">ADOEXPO elige nuevo consejo directivo.</subfield>
  </datafield>
  <datafield tag="952" ind1=" " ind2=" ">
    <subfield code="0">0</subfield>
    <subfield code="1">0</subfield>
    <subfield code="2">ddc</subfield>
    <subfield code="4">0</subfield>
    <subfield code="5">6</subfield>
    <subfield code="7">0</subfield>
    <subfield code="8">SE</subfield>
    <subfield code="a">BNPHU</subfield>
    <subfield code="b">BNPHU</subfield>
    <subfield code="d">2026-03-12</subfield>
    <subfield code="h">No. 1, Mayo-junio 1988</subfield>
    <subfield code="l">0</subfield>
    <subfield code="p">2026-2100</subfield>
    <subfield code="r">2026-03-12</subfield>
    <subfield code="t">e.2</subfield>
    <subfield code="w">2026-03-12</subfield>
    <subfield code="y">ISSUE</subfield>
    <subfield code="z">ADOEXPO elige nuevo consejo directivo.</subfield>
  </datafield>
  <datafield tag="952" ind1=" " ind2=" ">
    <subfield code="0">0</subfield>
    <subfield code="1">0</subfield>
    <subfield code="2">ddc</subfield>
    <subfield code="4">0</subfield>
    <subfield code="5">6</subfield>
    <subfield code="7">0</subfield>
    <subfield code="8">SE</subfield>
    <subfield code="a">BNPHU</subfield>
    <subfield code="b">BNPHU</subfield>
    <subfield code="d">2026-03-12</subfield>
    <subfield code="h">No. 2, Julio-agosto 1988</subfield>
    <subfield code="l">0</subfield>
    <subfield code="p">2026-2101</subfield>
    <subfield code="r">2026-03-12</subfield>
    <subfield code="t">e.1</subfield>
    <subfield code="w">2026-03-12</subfield>
    <subfield code="y">ISSUE</subfield>
    <subfield code="z">Reunense pasados presidentes ADOEXPO.</subfield>
  </datafield>
  <datafield tag="952" ind1=" " ind2=" ">
    <subfield code="0">0</subfield>
    <subfield code="1">0</subfield>
    <subfield code="2">ddc</subfield>
    <subfield code="4">0</subfield>
    <subfield code="5">6</subfield>
    <subfield code="7">0</subfield>
    <subfield code="8">SE</subfield>
    <subfield code="a">BNPHU</subfield>
    <subfield code="b">BNPHU</subfield>
    <subfield code="d">2026-03-12</subfield>
    <subfield code="h">No. 2, Julio-agosto 1988</subfield>
    <subfield code="l">0</subfield>
    <subfield code="p">2026-2102</subfield>
    <subfield code="r">2026-03-12</subfield>
    <subfield code="t">e.2</subfield>
    <subfield code="w">2026-03-12</subfield>
    <subfield code="y">ISSUE</subfield>
    <subfield code="z">Reunense pasados presidentes ADOEXPO.</subfield>
  </datafield>
  <datafield tag="952" ind1=" " ind2=" ">
    <subfield code="0">0</subfield>
    <subfield code="1">0</subfield>
    <subfield code="2">ddc</subfield>
    <subfield code="4">0</subfield>
    <subfield code="5">6</subfield>
    <subfield code="7">0</subfield>
    <subfield code="8">SE</subfield>
    <subfield code="a">BNPHU</subfield>
    <subfield code="b">BNPHU</subfield>
    <subfield code="d">2026-03-12</subfield>
    <subfield code="h">No. 3, Septiembre-octubre 1988</subfield>
    <subfield code="l">0</subfield>
    <subfield code="p">2026-2103</subfield>
    <subfield code="r">2026-03-12</subfield>
    <subfield code="t">e.1</subfield>
    <subfield code="w">2026-03-12</subfield>
    <subfield code="y">ISSUE</subfield>
    <subfield code="z">ADOEXPO, re&#xFA;ne a los fabricantes de muebles del pa&#xED;s.</subfield>
  </datafield>
  <datafield tag="952" ind1=" " ind2=" ">
    <subfield code="0">0</subfield>
    <subfield code="1">0</subfield>
    <subfield code="2">ddc</subfield>
    <subfield code="4">0</subfield>
    <subfield code="5">6</subfield>
    <subfield code="7">0</subfield>
    <subfield code="8">SE</subfield>
    <subfield code="a">BNPHU</subfield>
    <subfield code="b">BNPHU</subfield>
    <subfield code="d">2026-03-12</subfield>
    <subfield code="h">No. 3, Septiembre-octubre 1988</subfield>
    <subfield code="l">0</subfield>
    <subfield code="p">2026-2104</subfield>
    <subfield code="r">2026-03-12</subfield>
    <subfield code="t">e.2</subfield>
    <subfield code="w">2026-03-12</subfield>
    <subfield code="y">ISSUE</subfield>
    <subfield code="z">ADOEXPO, re&#xFA;ne a los fabricantes de muebles del pa&#xED;s.</subfield>
  </datafield>
  <datafield tag="952" ind1=" " ind2=" ">
    <subfield code="0">0</subfield>
    <subfield code="1">0</subfield>
    <subfield code="2">ddc</subfield>
    <subfield code="4">0</subfield>
    <subfield code="5">6</subfield>
    <subfield code="7">0</subfield>
    <subfield code="8">SE</subfield>
    <subfield code="a">BNPHU</subfield>
    <subfield code="b">BNPHU</subfield>
    <subfield code="d">2026-03-12</subfield>
    <subfield code="h">No. 4, Noviembre-diciembre 1988</subfield>
    <subfield code="l">0</subfield>
    <subfield code="p">2026-2106</subfield>
    <subfield code="r">2026-03-12</subfield>
    <subfield code="t">e.1</subfield>
    <subfield code="w">2026-03-12</subfield>
    <subfield code="y">ISSUE</subfield>
    <subfield code="z">ADOEXPO, realiza primera cena anual del exportador dominicano.</subfield>
  </datafield>
  <datafield tag="952" ind1=" " ind2=" ">
    <subfield code="0">0</subfield>
    <subfield code="1">0</subfield>
    <subfield code="2">ddc</subfield>
    <subfield code="4">0</subfield>
    <subfield code="5">6</subfield>
    <subfield code="7">0</subfield>
    <subfield code="8">SE</subfield>
    <subfield code="a">BNPHU</subfield>
    <subfield code="b">BNPHU</subfield>
    <subfield code="d">2026-03-12</subfield>
    <subfield code="h">No. 4, Noviembre-diciembre 1988</subfield>
    <subfield code="l">0</subfield>
    <subfield code="p">2026-2107</subfield>
    <subfield code="r">2026-03-12</subfield>
    <subfield code="t">e.2</subfield>
    <subfield code="w">2026-03-12</subfield>
    <subfield code="y">ISSUE</subfield>
    <subfield code="z">ADOEXPO, realiza primera cena anual del exportador dominicano.</subfield>
  </datafield>
  <datafield tag="952" ind1=" " ind2=" ">
    <subfield code="0">0</subfield>
    <subfield code="1">0</subfield>
    <subfield code="2">ddc</subfield>
    <subfield code="4">0</subfield>
    <subfield code="5">6</subfield>
    <subfield code="7">0</subfield>
    <subfield code="8">SE</subfield>
    <subfield code="a">BNPHU</subfield>
    <subfield code="b">BNPHU</subfield>
    <subfield code="d">2026-03-12</subfield>
    <subfield code="h">No. 5, Enero-febrero 1989</subfield>
    <subfield code="l">0</subfield>
    <subfield code="p">2026-2108</subfield>
    <subfield code="r">2026-03-12</subfield>
    <subfield code="t">e.1</subfield>
    <subfield code="w">2026-03-12</subfield>
    <subfield code="y">ISSUE</subfield>
    <subfield code="z">Aybar: Lucha por los CAT&#xB4; es prueba para clase empresarial.</subfield>
  </datafield>
  <datafield tag="952" ind1=" " ind2=" ">
    <subfield code="0">0</subfield>
    <subfield code="1">0</subfield>
    <subfield code="2">ddc</subfield>
    <subfield code="4">0</subfield>
    <subfield code="5">6</subfield>
    <subfield code="7">0</subfield>
    <subfield code="8">SE</subfield>
    <subfield code="a">BNPHU</subfield>
    <subfield code="b">BNPHU</subfield>
    <subfield code="d">2026-03-12</subfield>
    <subfield code="h">No. 5, Enero-febrero 1989</subfield>
    <subfield code="l">0</subfield>
    <subfield code="p">2026-2110</subfield>
    <subfield code="r">2026-03-12</subfield>
    <subfield code="t">e.2</subfield>
    <subfield code="w">2026-03-12</subfield>
    <subfield code="y">ISSUE</subfield>
    <subfield code="z">Aybar: Lucha por los CAT&#xB4; es prueba para clase empresarial.</subfield>
  </datafield>
  <datafield tag="952" ind1=" " ind2=" ">
    <subfield code="0">0</subfield>
    <subfield code="1">0</subfield>
    <subfield code="2">ddc</subfield>
    <subfield code="4">0</subfield>
    <subfield code="5">6</subfield>
    <subfield code="7">0</subfield>
    <subfield code="8">SE</subfield>
    <subfield code="a">BNPHU</subfield>
    <subfield code="b">BNPHU</subfield>
    <subfield code="d">2026-03-12</subfield>
    <subfield code="h">No. 6, Marzo-abril 1989</subfield>
    <subfield code="l">0</subfield>
    <subfield code="p">2026-2111</subfield>
    <subfield code="r">2026-03-12</subfield>
    <subfield code="t">e.1</subfield>
    <subfield code="w">2026-03-12</subfield>
    <subfield code="y">ISSUE</subfield>
    <subfield code="z">ADOEXPO, realiza primer encuentro regional de exportadores.</subfield>
  </datafield>
  <datafield tag="952" ind1=" " ind2=" ">
    <subfield code="0">0</subfield>
    <subfield code="1">0</subfield>
    <subfield code="2">ddc</subfield>
    <subfield code="4">0</subfield>
    <subfield code="5">6</subfield>
    <subfield code="7">0</subfield>
    <subfield code="8">SE</subfield>
    <subfield code="a">BNPHU</subfield>
    <subfield code="b">BNPHU</subfield>
    <subfield code="d">2026-03-12</subfield>
    <subfield code="h">No. 6, Marzo-abril 1989</subfield>
    <subfield code="l">0</subfield>
    <subfield code="p">2026-2112</subfield>
    <subfield code="r">2026-03-12</subfield>
    <subfield code="t">e.2</subfield>
    <subfield code="w">2026-03-12</subfield>
    <subfield code="y">ISSUE</subfield>
    <subfield code="z">ADOEXPO, realiza primer encuentro regional de exportadores.</subfield>
  </datafield>
  <datafield tag="952" ind1=" " ind2=" ">
    <subfield code="0">0</subfield>
    <subfield code="1">0</subfield>
    <subfield code="2">ddc</subfield>
    <subfield code="4">0</subfield>
    <subfield code="5">6</subfield>
    <subfield code="7">0</subfield>
    <subfield code="8">SE</subfield>
    <subfield code="a">BNPHU</subfield>
    <subfield code="b">BNPHU</subfield>
    <subfield code="d">2026-03-12</subfield>
    <subfield code="h">No. 8, Noviembre-diciembre 1991</subfield>
    <subfield code="l">0</subfield>
    <subfield code="p">2026-2113</subfield>
    <subfield code="r">2026-03-12</subfield>
    <subfield code="t">e.1</subfield>
    <subfield code="w">2026-03-12</subfield>
    <subfield code="y">ISSUE</subfield>
    <subfield code="z">ADOEXPO, realiza encuentro sobre LOME 4.</subfield>
  </datafield>
  <datafield tag="952" ind1=" " ind2=" ">
    <subfield code="0">0</subfield>
    <subfield code="1">0</subfield>
    <subfield code="2">ddc</subfield>
    <subfield code="4">0</subfield>
    <subfield code="5">6</subfield>
    <subfield code="7">0</subfield>
    <subfield code="8">SE</subfield>
    <subfield code="a">BNPHU</subfield>
    <subfield code="b">BNPHU</subfield>
    <subfield code="d">2026-03-12</subfield>
    <subfield code="h">No. 8, Noviembre-diciembre 1991</subfield>
    <subfield code="l">0</subfield>
    <subfield code="p">2026-2114</subfield>
    <subfield code="r">2026-03-12</subfield>
    <subfield code="t">e.2</subfield>
    <subfield code="w">2026-03-12</subfield>
    <subfield code="y">ISSUE</subfield>
    <subfield code="z">ADOEXPO, realiza encuentro sobre LOME 4.</subfield>
  </datafield>
  <datafield tag="999" ind1=" " ind2=" ">
    <subfield code="c">37048</subfield>
    <subfield code="d">37048</subfield>
  </datafield>
</record>
